Statistics for Missouri State Quiz

Click here to take the quiz!

General Stats

  • This quiz has been taken 156 times
  • The average score is 9 of 15

Answer Stats

HintAnswer% Correct
Above is at the confluence of what rivers?Missouri and Kansas Rivers
100%
Second largest citySt Louis
97%
CapitalJefferson City
96%
Largest CityKansas City
95%
Above is at the confluence of what two riversMississippi and Missouri Rivers
95%
Above is in what plateauOzark Plateau
83%
Third largest citySpringfield
79%
Fifth largest cityColumbia
64%
Second largest lake in MissouriLake of the Ozarks
49%
Fourth largest cityIndependence
40%
Above is located at the confluence of Missouri and what river?Osage River
22%
Largest Lake in MissouriTruman Reservoir
21%
Highest pointTaum Sauk Mountain
20%
River between Arkansas and MississippiSt Francis River
10%
Above is in what mountain rangeSt Francios Mountains
4%

Score Distribution

Percentile by Number Answered

Percent of People with Each Score

Your Score History

You have not taken this quiz